[Event "DEM U18 2016"]
[Site "Willingen GER"]
[Date "2016.05.15"]
[Round "1"]
[White "Grigorian, Spartak"]
[Black "Peters, Tom"]
[Result "1-0"]
[Termination "normal"]
[Board "1"]
[WhiteElo "2304"]
[BlackElo "1979"]
[WhiteClock "00:02:59"]
[BlackClock "00:00:35"]
[PlyCount "81"]
[WhiteFideId "24661490"]
[BlackFideId "24694444"]
[EventCountry "GER"]
[EventRounds "9"]
[EventType "swiss"]
[EventDate "2016.05.14"]

1. d4 Nf6 2. c4 g6 3. Nc3 Bg7 4. e4 d6 5. Be2 c5 6. d5 O-O 7. Nf3 Bg4 8. O-O
Nbd7 9. Rb1 Ne8 10. Bd2 Nc7 11. Ne1 Bxe2 12. Qxe2 a6 13. a4 b5 14. axb5 axb5
15. cxb5 Nb6 16. Nc2 Qd7 17. b4 c4 18. Be3 Nxb5 19. Nxb5 Qxb5 20. Bxb6 Qxb6 21.
Qxc4 Rfc8 22. Qe2 Rc3 23. Ne1 Raa3 24. Nf3 Ra4 25. b5 h6 26. e5 Kh7 27. exd6
exd6 28. Qe8 Rf4 29. Nd2 Rc2 30. Qe3 Qxe3 31. fxe3 Ra4 32. Rf2 f5 33. b6 Ra8
34. Ne4 Rxf2 35. Nxf2 g5 36. Nd3 Rb8 37. b7 Kg6 38. Kf1 Kf7 39. Rb6 Ke7 40. Nb4
Kd7 41. Na6 1-0

[Event "DEM U18 2016"]
[Site "Willingen GER"]
[Date "2016.05.15"]
[Round "1"]
[White "Mierzwa, Robert"]
[Black "Keller, Peter"]
[Result "1/2-1/2"]
[Termination "normal"]
[Board "2"]
[BlackTitle "FM"]
[WhiteElo "1976"]
[BlackElo "2285"]
[WhiteClock "00:04:07"]
[BlackClock "00:05:22"]
[PlyCount "167"]
[WhiteFideId "12918113"]
[BlackFideId "1272105"]
[EventCountry "GER"]
[EventRounds "9"]
[EventType "swiss"]
[EventDate "2016.05.14"]

1. d4 d5 2. c4 c6 3. Nf3 Nf6 4. e3 Bg4 5. Qb3 Qb6 6. Nc3 e6 7. Ne5 Bf5 8. c5
Qc7 9. Bd3 Bxd3 10. Nxd3 Nbd7 11. Qc2 e5 12. Rb1 Be7 13. Bd2 O-O 14. O-O Rfe8
15. b4 Ng4 16. h3 exd4 17. hxg4 dxc3 18. Bxc3 Bf6 19. Rfe1 Re4 20. Bxf6 Nxf6
21. f3 Re7 22. Kf2 Rae8 23. g3 Nd7 24. Qc3 Ne5 25. Nxe5 Rxe5 26. Qd4 Qd7 27.
Rh1 Qe6 28. Rb3 Qf6 29. Qd3 g6 30. Qd4 Qe7 31. Qf4 f5 32. g5 Re6 33. Rd1 a5 34.
a3 axb4 35. axb4 Ra8 36. Re1 Qd8 37. g4 fxg4 38. Qxg4 Qe7 39. Rd3 Re5 40. f4
Re4 41. Rb1 Ra2+ 42. Kf3 Rc4 43. Kg3 Rcc2 44. Qc8+ Kg7 45. Rg1 Re2 46. Kg4 h6
47. gxh6+ Kh7 48. f5 Qe5 49. fxg6+ Kxh6 50. Qf8+ Kxg6 51. Qg8+ Kh6 52. Qf8+
Qg7+ 53. Qxg7+ Kxg7 54. Kf5+ Kf7 55. Ke5 Rab2 56. Rg4 Rg2 57. Rh4 Rg5+ 58. Kd6
Rg7 59. Ra3 Kf6 60. Ra8 Kg5 61. Rf4 Rb3 62. Rf1 Rxb4 63. Re8 Rg4 64. Re6 Kh4
65. Rff6 Kg3 66. Rf8 R4g5 67. Rff6 Kg2 68. Rf4 Rg3 69. Rff6 Rf3 70. Rxf3 Kxf3
71. Re8 Ke2 72. Re6 Rh7 73. Re8 Rh3 74. Kc7 Rxe3 75. Rxe3+ Kxe3 76. Kxb7 d4 77.
Kxc6 d3 78. Kb7 d2 79. c6 d1=Q 80. c7 Qd7 81. Kb8 Qb5+ 82. Ka8 Qc6+ 83. Kb8
Qb6+ 84. Ka8 1/2-1/2

[Event "DEM U18 2016"]
[Site "Willingen GER"]
[Date "2016.05.15"]
[Round "1"]
[White "Ehmann, Thilo"]
[Black "Gabler, Eric"]
[Result "1-0"]
[Termination "normal"]
[Board "3"]
[WhiteElo "2305"]
[BlackElo "1992"]
[WhiteClock "00:47:38"]
[BlackClock "00:11:57"]
[PlyCount "71"]
[WhiteFideId "12940968"]
[BlackFideId "12949841"]
[EventCountry "GER"]
[EventRounds "9"]
[EventType "swiss"]
[EventDate "2016.05.14"]

1. e4 c5 2. Nf3 Nc6 3. d4 cxd4 4. Nxd4 Nf6 5. Nc3 e5 6. Ndb5 d6 7. Bg5 a6 8.
Na3 b5 9. Nd5 Be7 10. Bxf6 Bxf6 11. c3 Ne7 12. Nc2 Bg5 13. Nxe7 Qxe7 14. Nb4
O-O 15. Nd5 Qb7 16. Qd3 f5 17. Be2 fxe4 18. Qxe4 Rf4 19. Qd3 e4 20. Qd4 Rf5 21.
Ne3 Rf6 22. Bd1 Be6 23. Bb3 Bxb3 24. axb3 Raf8 25. O-O Qf7 26. Nd5 Rf5 27. c4
e3 28. f3 e2 29. Rf2 Re8 30. Re1 bxc4 31. bxc4 Rfe5 32. f4 Re4 33. Qd2 Rf8 34.
Qd3 Qf5 35. Rexe2 Rxf4 36. Nxf4 1-0

[Event "DEM U18 2016"]
[Site "Willingen GER"]
[Date "2016.05.15"]
[Round "1"]
[White "Geue, Niklas"]
[Black "Gretz, Denis"]
[Result "0-1"]
[Termination "normal"]
[Board "4"]
[WhiteElo "1936"]
[BlackElo "2316"]
[WhiteClock "00:22:12"]
[BlackClock "00:33:31"]
[PlyCount "96"]
[WhiteFideId "12961043"]
[BlackFideId "12945188"]
[EventCountry "GER"]
[EventRounds "9"]
[EventType "swiss"]
[EventDate "2016.05.14"]

1. d4 f5 2. e4 fxe4 3. Nc3 Nf6 4. Bg5 Nc6 5. d5 Ne5 6. Qe2 c6 7. f4 exf3 8.
Nxf3 Nf7 9. O-O-O Qa5 10. Bxf6 gxf6 11. Kb1 Kd8 12. dxc6 bxc6 13. Qc4 Nd6 14.
Qf4 Bg7 15. Nd4 Qe5 16. Qg4 f5 17. Qf3 Bb7 18. Qf2 Ne4 19. Nxe4 fxe4 20. Ba6
Kc7 21. Bxb7 Kxb7 22. c3 Kc7 23. Rhe1 Rab8 24. Nf5 Rxb2+ 25. Qxb2 Qxf5 26. Qa3
Rb8+ 27. Ka1 Kd8 28. Rb1 Rxb1+ 29. Rxb1 Ke8 30. Qb3 d5 31. a4 Kf7 32. Ka2 Bf6
33. c4 d4 34. c5+ Qe6 35. Re1 e3 36. h3 Qxb3+ 37. Kxb3 Bh4 38. Re2 Ke6 39. Kc4
Ke5 40. Kd3 Kd5 41. Rb2 e5 42. Rb7 e4+ 43. Ke2 Bf2 44. Rg7 d3+ 45. Kf1 Kd4 46.
Rg4 h5 47. Rg6 Kc3 48. Re6 Bg3 0-1

[Event "DEM U18 2016"]
[Site "Willingen GER"]
[Date "2016.05.15"]
[Round "1"]
[White "Pfreundt, Jakob"]
[Black "Engert, Marvin"]
[Result "1-0"]
[Termination "normal"]
[Board "5"]
[WhiteElo "2248"]
[BlackElo "1909"]
[WhiteClock "00:02:05"]
[BlackClock "00:00:40"]
[PlyCount "183"]
[WhiteFideId "12918156"]
[BlackFideId "12901164"]
[EventCountry "GER"]
[EventRounds "9"]
[EventType "swiss"]
[EventDate "2016.05.14"]

1. e4 c5 2. Nf3 Nc6 3. d4 cxd4 4. Nxd4 Nf6 5. Nc3 e5 6. Ndb5 d6 7. Bg5 a6 8.
Na3 b5 9. Bxf6 gxf6 10. Nd5 Bg7 11. Bd3 Ne7 12. Nxe7 Qxe7 13. c4 bxc4 14. Nxc4
O-O 15. O-O Rb8 16. Qh5 f5 17. Ne3 fxe4 18. Bxe4 h6 19. b3 Qg5 20. Qxg5 hxg5
21. Bf5 Be6 22. Rfd1 Rfd8 23. Rac1 Rb6 24. Nd5 Bxd5 25. Rxd5 Bf8 26. Rc7 Ra8
27. Be4 Rb4 28. Bd3 a5 29. Bc4 a4 30. Rd1 axb3 31. Bxf7+ Kh8 32. Bxb3 Rab8 33.
Rd3 Rd8 34. a3 Rh4 35. a4 Rh7 36. Rxh7+ Kxh7 37. a5 Ra8 38. Rd5 Kg7 39. Rb5 Be7
40. Bd5 Rc8 41. g3 Rc1+ 42. Kg2 Ra1 43. Bb7 Bd8 44. a6 Kf6 45. Kf3 Ra4 46. Bc8
Ba5 47. Rb3 Be1 48. Bb7 Ra2 49. Ke4 Ra5 50. Rf3+ Kg6 51. Rd3 Bb4 52. Rb3 Bc5
53. Kd5 Ra2 54. Rf3 g4 55. Rf8 Kg7 56. Rf5 Kg6 57. Ke6 Ra4 58. Rf6+ Kg7 59.
Rf7+ Kg6 60. Rf6+ Kg7 61. Kf5 Ra2 62. Kg5 Rd2 63. Rf5 Rd4 64. f3 gxf3 65. Rxf3
e4 66. Rb3 Ra4 67. Bd5 Bd4 68. Rb7+ Kf8 69. Bxe4 Rxa6 70. Rb8+ Kg7 71. Rb7+ Kf8
72. h4 Ra7 73. Rb8+ Kg7 74. Rb5 Re7 75. Bf5 Be3+ 76. Kg4 Bf2 77. Kf3 Be1 78.
Be4 Bd2 79. Rd5 Bb4 80. g4 Re5 81. Rd1 Ra5 82. g5 Bc5 83. Kg4 Ra4 84. Kf5 Ra2
85. h5 Rf2+ 86. Kg4 Be3 87. h6+ Kf7 88. Bd5+ Kg6 89. Be4+ Kf7 90. g6+ Kf6 91.
g7 Rf4+ 92. Kh3 1-0

[Event "DEM U18 2016"]
[Site "Willingen GER"]
[Date "2016.05.15"]
[Round "1"]
[White "Schnabel, Bennett"]
[Black "Riehle, Marco"]
[Result "0-1"]
[Termination "normal"]
[Board "6"]
[WhiteElo "2047"]
[BlackElo "2271"]
[WhiteClock "00:17:15"]
[BlackClock "01:39:06"]
[PlyCount "90"]
[WhiteFideId "12943290"]
[BlackFideId "12904392"]
[EventCountry "GER"]
[EventRounds "9"]
[EventType "swiss"]
[EventDate "2016.05.14"]

1. e4 e5 2. Nf3 Nc6 3. Bb5 a6 4. Bxc6 dxc6 5. O-O f6 6. d4 exd4 7. Nxd4 c5 8.
Nb3 Qxd1 9. Rxd1 Bg4 10. f3 Be6 11. Be3 b6 12. Nc3 Bd6 13. Nd5 O-O-O 14. Rd2
Ne7 15. Nxe7+ Bxe7 16. Rad1 Rxd2 17. Rxd2 Rd8 18. Rxd8+ Kxd8 19. f4 a5 20. Kf2
a4 21. Nc1 Bd7 22. Bd2 Bc6 23. e5 fxe5 24. fxe5 Kd7 25. Nd3 Ke6 26. Bc3 g5 27.
a3 Be4 28. g4 c4 29. Ne1 Bc5+ 30. Ke2 h6 31. h3 c6 32. Nf3 Kd5 33. e6 Kxe6 34.
Nd4+ Kd5 35. Nf5 Bxf5 36. gxf5 Ke4 37. f6 Bf8 38. Kf2 h5 39. Kg3 b5 40. Ba5 Kf5
41. Bd8 Ke6 42. Kf3 c3 43. bxc3 Bxa3 44. f7 Kxf7 45. Bxg5 Bb2 0-1

[Event "DEM U18 2016"]
[Site "Willingen GER"]
[Date "2016.05.15"]
[Round "1"]
[White "Schmidt, Tobias"]
[Black "Reitz, Philipp"]
[Result "1/2-1/2"]
[Termination "normal"]
[Board "7"]
[WhiteElo "2221"]
[BlackElo "1831"]
[PlyCount "88"]
[WhiteFideId "1271683"]
[BlackFideId "12973297"]
[EventCountry "GER"]
[EventRounds "9"]
[EventType "swiss"]
[EventDate "2016.05.14"]

1. e4 e6 2. d4 d5 3. Nd2 Nc6 4. c3 e5 5. exd5 Qxd5 6. Ngf3 exd4 7. Bc4 Qh5 8.
cxd4 Nf6 9. O-O Be7 10. Re1 O-O 11. Nf1 Bg4 12. Ng3 Bxf3 13. gxf3 Qa5 14. Be3
Rad8 15. Qb3 Qb4 16. Nf5 Qxb3 17. Bxb3 Bb4 18. Rec1 Nd5 19. a3 Nde7 20. Nxe7+
Bxe7 21. d5 Na5 22. Ba2 b5 23. Rxc7 Bf6 24. Bxa7 Bxb2 25. Rb1 Be5 26. Rc2 Nc4
27. Bc5 Bd6 28. Bxd6 Rxd6 29. Bxc4 bxc4 30. Rb5 Ra6 31. Rxc4 Rxa3 32. Kg2 Rd3
33. Rc7 g6 34. Rd7 Kg7 35. Rb6 Re8 36. Rbb7 Rf8 37. Kg3 g5 38. Kg4 Kg6 39. Kg3
h5 40. Kg2 Rd1 41. Ra7 Kf6 42. Ra6+ Ke5 43. Re7+ Kf5 44. Rc7 Rxd5 1/2-1/2

[Event "DEM U18 2016"]
[Site "Willingen GER"]
[Date "2016.05.15"]
[Round "1"]
[White "Philipp, Mathias"]
[Black "Boes, Julian"]
[Result "1/2-1/2"]
[Termination "normal"]
[Board "8"]
[WhiteElo "1870"]
[BlackElo "2231"]
[PlyCount "90"]
[WhiteFideId "12958883"]
[BlackFideId "12907723"]
[EventCountry "GER"]
[EventRounds "9"]
[EventType "swiss"]
[EventDate "2016.05.14"]

1. e4 e6 2. d4 d5 3. Nd2 Nf6 4. e5 Nfd7 5. Bd3 c5 6. c3 Nc6 7. Ne2 cxd4 8. cxd4
f6 9. exf6 Nxf6 10. Nf3 Bd6 11. O-O O-O 12. Bf4 g6 13. Bxd6 Qxd6 14. Ng3 Qf4
15. Qc1 Ne8 16. Qxf4 Rxf4 17. Ne2 Rf8 18. Rac1 Bd7 19. Ne5 Nxe5 20. dxe5 Kf7
21. Nd4 a6 22. f4 Ke7 23. g4 Rc8 24. Rce1 Ng7 25. f5 gxf5 26. gxf5 exf5 27. e6
Bb5 28. Bxb5 axb5 29. Nxb5 Rc2 30. Re5 Rf6 31. Nd4 Rxb2 32. Rxd5 Rg6+ 33. Kh1
Rgg2 34. Rd7+ Kf6 35. Re1 Rxh2+ 36. Kg1 Rhg2+ 37. Kh1 Nh5 38. Rf7+ Kg6 39. Nxf5
Rh2+ 40. Kg1 Rbg2+ 41. Kf1 Rf2+ 42. Kg1 Rhg2+ 43. Kh1 Rh2+ 44. Kg1 Rfg2+ 45.
Kf1 Rf2+ 1/2-1/2

[Event "DEM U18 2016"]
[Site "Willingen GER"]
[Date "2016.05.15"]
[Round "1"]
[White "Gschnitzer, Adrian"]
[Black "Schäfer, Marlon"]
[Result "1-0"]
[Termination "normal"]
[Board "9"]
[WhiteElo "2258"]
[BlackElo "1733"]
[PlyCount "57"]
[WhiteFideId "1270337"]
[BlackFideId "16208773"]
[EventCountry "GER"]
[EventRounds "9"]
[EventType "swiss"]
[EventDate "2016.05.14"]

1. e4 e5 2. Nf3 Nc6 3. Bc4 Nf6 4. d3 Be7 5. c3 d6 6. Nbd2 O-O 7. Nf1 a6 8. Bb3
d5 9. Qe2 d4 10. Ng3 Ne8 11. O-O Nd6 12. h3 Bf6 13. cxd4 Nxd4 14. Nxd4 exd4 15.
f4 Bh4 16. Qf3 Be6 17. Ne2 Bxb3 18. axb3 Nb5 19. g3 Be7 20. f5 Bg5 21. Qg4 f6
22. Bxg5 fxg5 23. Kh2 Qf6 24. Rac1 Nd6 25. h4 gxh4 26. gxh4 Rf7 27. Nf4 Qe5 28.
Qg3 Kh8 29. Ng6+ 1-0

[Event "DEM U18 2016"]
[Site "Willingen GER"]
[Date "2016.05.15"]
[Round "1"]
[White "Bugdahl, Felix"]
[Black "Borchert, René"]
[Result "0-1"]
[Termination "normal"]
[Board "10"]
[WhiteElo "1826"]
[BlackElo "2174"]
[PlyCount "86"]
[WhiteFideId "12938092"]
[BlackFideId "12990671"]
[EventCountry "GER"]
[EventRounds "9"]
[EventType "swiss"]
[EventDate "2016.05.14"]

1. e4 e5 2. f4 Bc5 3. Nf3 d6 4. Nc3 Nf6 5. Bc4 Nc6 6. d3 a6 7. Ng5 O-O 8. Nd5
h6 9. Nf3 Bg4 10. h3 Bxf3 11. Qxf3 Nd4 12. Qg3 Nxd5 13. Bxd5 Nxc2+ 14. Kd1 Nxa1
15. fxe5 Kh7 16. Rf1 f6 17. Be6 fxe5 18. Rxf8 Qxf8 19. Bf5+ Kg8 20. Bxh6 Qf7
21. Qg4 Re8 22. Bd2 Bd4 23. Qh4 g6 24. Qg4 Kg7 25. Qg5 Rh8 26. Bxg6 Qxg6 27.
Qe7+ Qf7 28. Qg5+ Kh7 29. Qh4+ Kg8 30. Qg5+ Qg7 31. Qd8+ Kh7 32. Qh4+ Kg6 33.
Qg4+ Kf7 34. Qf5+ Qf6 35. Qd7+ Qe7 36. Qf5+ Kg7 37. Qg4+ Kf8 38. Qf5+ Qf7 39.
Qc8+ Kg7 40. Qg4+ Qg6 41. Bg5 Rf8 42. h4 Be3 43. Qd7+ Rf7 0-1

[Event "DEM U18 2016"]
[Site "Willingen GER"]
[Date "2016.05.15"]
[Round "1"]
[White "Sabirov, Ramil"]
[Black "Glagau, Lars"]
[Result "1-0"]
[Termination "normal"]
[Board "11"]
[WhiteElo "2043"]
[BlackElo "1447"]
[PlyCount "59"]
[WhiteFideId "12900303"]
[BlackFideId "16200390"]
[EventCountry "GER"]
[EventRounds "9"]
[EventType "swiss"]
[EventDate "2016.05.14"]

1. Nf3 d5 2. b3 e6 3. Bb2 Nf6 4. g3 Bd6 5. Bg2 O-O 6. c4 c6 7. O-O Nbd7 8. Nc3
Re8 9. d4 Ne4 10. Nxe4 dxe4 11. Ne5 f5 12. f3 exf3 13. exf3 Nf6 14. Qe2 c5 15.
Rad1 Qc7 16. f4 a5 17. a4 Ra6 18. Rf3 Rd8 19. Rfd3 cxd4 20. Bxd4 Bc5 21. Qe3
Bxd4 22. Rxd4 Rad6 23. Kh1 Rxd4 24. Rxd4 Rd6 25. Qd2 Ne8 26. Rxd6 Qxd6 27. Qxd6
Nxd6 28. c5 Nf7 29. Nc4 Nd8 30. Nb6 1-0

[Event "DEM U18 2016"]
[Site "Willingen GER"]
[Date "2016.05.15"]
[Round "1"]
[White "Petri, Ben-Luca"]
[Black "Beeck, Mats"]
[Result "0-1"]
[Termination "normal"]
[Board "12"]
[WhiteElo "1694"]
[BlackElo "2114"]
[PlyCount "64"]
[WhiteFideId "12947261"]
[BlackFideId "12936944"]
[EventCountry "GER"]
[EventRounds "9"]
[EventType "swiss"]
[EventDate "2016.05.14"]

1. e4 e5 2. Nf3 Nc6 3. Bb5 a6 4. Bxc6 dxc6 5. O-O f6 6. d4 exd4 7. Nxd4 c5 8.
Nb3 Qxd1 9. Rxd1 Bd7 10. Bf4 O-O-O 11. Nc3 Be6 12. Rxd8+ Kxd8 13. Rd1+ Kc8 14.
f3 b6 15. Kf2 Ne7 16. Ne2 Nc6 17. c3 Be7 18. Nbc1 Bf7 19. Ng3 g6 20. b3 a5 21.
Rd2 c4 22. Nge2 Ba3 23. g4 b5 24. Bh6 Re8 25. Rc2 f5 26. exf5 gxf5 27. Ng3 Bc5+
28. Kg2 fxg4 29. fxg4 Ne5 30. h3 Bd5+ 31. Kf1 cxb3 32. axb3 a4 0-1

[Event "DEM U18 2016"]
[Site "Willingen GER"]
[Date "2016.05.15"]
[Round "2"]
[White "Riehle, Marco"]
[Black "Grigorian, Spartak"]
[Result "0-1"]
[Termination "normal"]
[Board "1"]
[WhiteElo "2271"]
[BlackElo "2304"]
[WhiteClock "00:53:28"]
[BlackClock "00:20:30"]
[PlyCount "88"]
[WhiteFideId "12904392"]
[BlackFideId "24661490"]
[EventCountry "GER"]
[EventRounds "9"]
[EventType "swiss"]
[EventDate "2016.05.14"]

1. e4 c5 2. Nf3 d6 3. d4 cxd4 4. Nxd4 Nf6 5. f3 e5 6. Nb3 Be6 7. c4 Nbd7 8. Be3
Rc8 9. Na3 a6 10. Be2 Be7 11. O-O O-O 12. Qd2 Ne8 13. Rfd1 f5 14. exf5 Rxf5 15.
Bd3 Rf7 16. Be4 Rc7 17. Bd5 Bxd5 18. Qxd5 Ndf6 19. Qa5 Rd7 20. Bb6 Qb8 21. Nc2
e4 22. fxe4 Nxe4 23. Rf1 N8f6 24. Ne3 d5 25. c5 d4 26. Nxd4 Rxd4 27. c6 Rd2 28.
c7 Qc8 29. Qf5 Nd6 30. Qe5 Nde8 31. Rac1 Rd7 32. Nf5 Bd6 33. Qe6 Bxc7 34. Bd4
Qd8 35. Bc3 Bd6 36. Qb3 Bf8 37. Rf3 Ne4 38. Rcf1 Bc5+ 39. Kh1 Nf2+ 40. R1xf2
Bxf2 41. h4 Qb6 42. Qc4 Rd1+ 43. Kh2 Qc7+ 44. Qxc7 Bg1+ 0-1

[Event "DEM U18 2016"]
[Site "Willingen GER"]
[Date "2016.05.15"]
[Round "2"]
[White "Borchert, René"]
[Black "Ehmann, Thilo"]
[Result "0-1"]
[Termination "normal"]
[Board "2"]
[WhiteElo "2174"]
[BlackElo "2305"]
[WhiteClock "00:06:21"]
[BlackClock "00:46:31"]
[PlyCount "86"]
[WhiteFideId "12990671"]
[BlackFideId "12940968"]
[EventCountry "GER"]
[EventRounds "9"]
[EventType "swiss"]
[EventDate "2016.05.14"]

1. e4 c5 2. c3 Qa5 3. Nf3 d6 4. Bc4 Nf6 5. Qe2 e6 6. O-O Be7 7. d4 Qc7 8. e5
Nfd7 9. Bf4 O-O 10. Nbd2 Nc6 11. Rfd1 d5 12. Bb3 Qb6 13. Nf1 a5 14. Ng3 cxd4
15. cxd4 a4 16. Bc2 Nb4 17. Bb1 Qa6 18. Qd2 Nb6 19. a3 Nc4 20. Qc3 Nc6 21. Bh6
Rd8 22. Bxg7 Kxg7 23. Qc1 Kf8 24. Qh6+ Ke8 25. Qxh7 Kd7 26. Qxf7 Rf8 27. Qg7
Kc7 28. Bd3 b5 29. Nh4 Bd7 30. Ng6 Rg8 31. Qh7 Rxg6 32. Bxg6 Nxb2 33. Rdc1 Nc4
34. Ne2 Bf8 35. Qh3 Qb6 36. Qd3 N6a5 37. f4 Nb3 38. Kh1 Bxa3 39. Rxa3 Nxc1 40.
Nxc1 Nxa3 41. Qxa3 b4 42. Qb2 a3 43. Qd2 b3 0-1

[Event "DEM U18 2016"]
[Site "Willingen GER"]
[Date "2016.05.15"]
[Round "2"]
[White "Gretz, Denis"]
[Black "Gschnitzer, Adrian"]
[Result "1-0"]
[Termination "normal"]
[Board "3"]
[WhiteElo "2316"]
[BlackElo "2258"]
[WhiteClock "00:03:58"]
[BlackClock "00:04:00"]
[PlyCount "65"]
[WhiteFideId "12945188"]
[BlackFideId "1270337"]
[EventCountry "GER"]
[EventRounds "9"]
[EventType "swiss"]
[EventDate "2016.05.14"]

1. e4 c5 2. Nf3 Nc6 3. d4 cxd4 4. Nxd4 e5 5. Nb5 d6 6. c4 Be7 7. N1c3 a6 8. Na3
f5 9. exf5 Bxf5 10. Bd3 Be6 11. O-O Nf6 12. Nc2 O-O 13. Ne3 Nd4 14. Ne2 d5 15.
cxd5 Nxd5 16. Nxd5 Qxd5 17. Nc3 Qd7 18. Be4 Rad8 19. Qh5 Bf5 20. Be3 g6 21.
Bxf5 Rxf5 22. Qd1 Qe6 23. Kh1 Rh5 24. Ne4 Rh4 25. f3 Qf5 26. Rc1 Qh5 27. h3 Kh8
28. Rc7 Nf5 29. Qb3 Rxe4 30. fxe4 Ng3+ 31. Kg1 Nxf1 32. Kxf1 Bh4 33. g4 1-0

[Event "DEM U18 2016"]
[Site "Willingen GER"]
[Date "2016.05.15"]
[Round "2"]
[White "Beeck, Mats"]
[Black "Pfreundt, Jakob"]
[Result "1-0"]
[Termination "normal"]
[Board "4"]
[WhiteElo "2114"]
[BlackElo "2248"]
[WhiteClock "00:01:40"]
[BlackClock "00:06:40"]
[PlyCount "67"]
[WhiteFideId "12936944"]
[BlackFideId "12918156"]
[EventCountry "GER"]
[EventRounds "9"]
[EventType "swiss"]
[EventDate "2016.05.14"]

1. e4 e5 2. Nf3 Nc6 3. Bb5 a6 4. Ba4 Nf6 5. O-O Be7 6. Re1 b5 7. Bb3 d6 8. c3
O-O 9. h3 Nb8 10. d4 Nbd7 11. Nbd2 Bb7 12. Bc2 c5 13. d5 c4 14. Nf1 Qc7 15. Ng3
g6 16. Bh6 Rfb8 17. Nh2 Qd8 18. Qd2 Kh8 19. Rf1 Ng8 20. Be3 Bh4 21. Ne2 Bf6 22.
f4 exf4 23. Rxf4 Ne5 24. Raf1 Bg5 25. Rxf7 Nxf7 26. Rxf7 Bxe3+ 27. Qxe3 Qe8 28.
Qf2 Bc8 29. Rf8 Qe7 30. Rf7 Qe8 31. Nd4 Qd8 32. Rf8 Qe7 33. Nc6 Qg7 34. Rf7 1-0

[Event "DEM U18 2016"]
[Site "Willingen GER"]
[Date "2016.05.15"]
[Round "2"]
[White "Keller, Peter"]
[Black "Sabirov, Ramil"]
[Result "1-0"]
[Termination "normal"]
[Board "5"]
[WhiteTitle "FM"]
[WhiteElo "2285"]
[BlackElo "2043"]
[WhiteClock "00:17:40"]
[BlackClock "00:01:26"]
[PlyCount "61"]
[WhiteFideId "1272105"]
[BlackFideId "12900303"]
[EventCountry "GER"]
[EventRounds "9"]
[EventType "swiss"]
[EventDate "2016.05.14"]

1. e4 c5 2. Nf3 Nc6 3. Bb5 e6 4. Bxc6 bxc6 5. b3 d6 6. O-O e5 7. Re1 Ne7 8. c3
f6 9. d4 Be6 10. dxc5 dxc5 11. c4 Qa5 12. Bd2 Qc7 13. Nc3 Nc8 14. Nh4 Be7 15.
Nf5 O-O 16. Qg4 Bxf5 17. exf5 Rd8 18. Be3 Nd6 19. Qf3 Qd7 20. Rad1 Qe8 21. Rd2
Nb7 22. Red1 Rd4 23. Bxd4 cxd4 24. Ne4 Qd7 25. Rd3 Nc5 26. Nxc5 Bxc5 27. Qe4
Re8 28. Re1 Bb4 29. Re2 a5 30. g4 h6 31. h4 1-0

[Event "DEM U18 2016"]
[Site "Willingen GER"]
[Date "2016.05.15"]
[Round "2"]
[White "Boes, Julian"]
[Black "Schmidt, Tobias"]
[Result "1-0"]
[Termination "normal"]
[Board "6"]
[WhiteElo "2231"]
[BlackElo "2221"]
[WhiteClock "00:02:31"]
[BlackClock "00:11:00"]
[PlyCount "143"]
[WhiteFideId "12907723"]
[BlackFideId "1271683"]
[EventCountry "GER"]
[EventRounds "9"]
[EventType "swiss"]
[EventDate "2016.05.14"]

1. e4 e6 2. d4 d5 3. Nc3 Nf6 4. e5 Nfd7 5. Nce2 c5 6. c3 Nc6 7. f4 b5 8. Nf3
Qb6 9. g3 Ba6 10. Bh3 cxd4 11. cxd4 Bb4+ 12. Kf2 O-O 13. Kg2 Rfc8 14. f5 Nd8
15. Nf4 Be7 16. fxe6 fxe6 17. Nxd5 exd5 18. Bxd7 Rc7 19. Bf5 g6 20. Bd3 Ne6 21.
Be3 b4 22. Qe2 Bxd3 23. Qxd3 Rac8 24. Rhc1 Qa5 25. Rxc7 Rxc7 26. Nd2 Qb6 27.
Nb3 a5 28. Rc1 Rxc1 29. Nxc1 Qc7 30. h4 a4 31. Ne2 Qc6 32. b3 Kg7 33. Qd1 a3
34. Qc1 Qc7 35. Qxc7 Nxc7 36. Bd2 Ne6 37. Kf3 Kf8 38. Be3 Ke8 39. Nc1 Nc7 40.
Ne2 Kd7 41. Bf4 Ke6 42. Bd2 Kd7 43. Ke3 Ke8 44. Nf4 Kf8 45. Nd3 Na6 46. Kf3 Kf7
47. Kg4 Bf8 48. h5 Kg7 49. hxg6 hxg6 50. Kf3 Be7 51. Kg4 Bf8 52. Bg5 Nc7 53.
Nf4 Nb5 54. e6 Bd6 55. Nxd5 Kf8 56. Be3 Nc3 57. Nxc3 bxc3 58. Kf3 Bb4 59. Ke2
Ke7 60. Kd3 Kxe6 61. Kc4 Bd6 62. g4 Bg3 63. Kxc3 Kd5 64. Kd3 Be1 65. Bd2 Bxd2
66. Kxd2 Kxd4 67. g5 Kc5 68. Kc3 Kb5 69. Kd3 Kb4 70. Kd4 Kb5 71. Kc3 Ka5 72.
Kc4 1-0

[Event "DEM U18 2016"]
[Site "Willingen GER"]
[Date "2016.05.15"]
[Round "2"]
[White "Reitz, Philipp"]
[Black "Mierzwa, Robert"]
[Result "1-0"]
[Termination "normal"]
[Board "7"]
[WhiteElo "1831"]
[BlackElo "1976"]
[PlyCount "89"]
[WhiteFideId "12973297"]
[BlackFideId "12918113"]
[EventCountry "GER"]
[EventRounds "9"]
[EventType "swiss"]
[EventDate "2016.05.14"]

1. c4 c5 2. Nc3 Nc6 3. g3 g6 4. Bg2 Bg7 5. d3 d6 6. Nf3 e6 7. O-O Nge7 8. Bd2
O-O 9. a3 b6 10. b4 cxb4 11. axb4 Nxb4 12. Qa4 Nbc6 13. Nd4 Bxd4 14. Bxc6 Rb8
15. Bg2 a5 16. Rab1 Bg7 17. Qb3 Bd7 18. Bf4 Bc6 19. Ne4 Nf5 20. Qa3 e5 21. Bg5
f6 22. Bxf6 Bxf6 23. Nxf6+ Qxf6 24. Bxc6 Nd4 25. Bd5+ Kg7 26. e3 Nc2 27. Qa4
Nb4 28. Qd7+ Kh8 29. Be4 Rf7 30. Qb5 Rc7 31. f4 exf4 32. Rxf4 Qc3 33. Rd1 Qc2
34. Rff1 Qe2 35. Rde1 Qd2 36. Qg5 Qc3 37. d4 Qxc4 38. Qf6+ Kg8 39. Qxd6 b5 40.
Rf2 Qc3 41. Ref1 Rcc8 42. Bd5+ Nxd5 43. Qxd5+ Kh8 44. Qe5+ Kg8 45. Rf7 1-0

[Event "DEM U18 2016"]
[Site "Willingen GER"]
[Date "2016.05.15"]
[Round "2"]
[White "Peters, Tom"]
[Black "Philipp, Mathias"]
[Result "1-0"]
[Termination "normal"]
[Board "8"]
[WhiteElo "1979"]
[BlackElo "1870"]
[PlyCount "79"]
[WhiteFideId "24694444"]
[BlackFideId "12958883"]
[EventCountry "GER"]
[EventRounds "9"]
[EventType "swiss"]
[EventDate "2016.05.14"]

1. e4 e5 2. Nf3 Nc6 3. Bb5 a6 4. Ba4 Nf6 5. d3 b5 6. Bb3 Be7 7. c3 O-O 8. Nbd2
d5 9. O-O Be6 10. Re1 dxe4 11. dxe4 Qd7 12. Qc2 Bc5 13. Nf1 Ne8 14. Be3 Bxe3
15. Nxe3 Bxb3 16. axb3 Nd6 17. Rad1 Qe6 18. Nd5 Rac8 19. c4 Rfe8 20. c5 Nb7 21.
b4 a5 22. bxa5 Ncxa5 23. Nh4 g6 24. f4 exf4 25. Qc3 Qe5 26. Nf6+ Kh8 27. Nxe8
Qxc3 28. bxc3 Rxe8 29. Rd7 c6 30. Nf3 Nxc5 31. Rxf7 Kg8 32. Ra7 Nc4 33. Rc7 Nd3
34. Ra1 c5 35. Raa7 Ne3 36. Rg7+ Kh8 37. Rxh7+ Kg8 38. Rhg7+ Kh8 39. Rxg6 b4
40. Ng5 1-0

[Event "DEM U18 2016"]
[Site "Willingen GER"]
[Date "2016.05.15"]
[Round "2"]
[White "Gabler, Eric"]
[Black "Bugdahl, Felix"]
[Result "1-0"]
[Termination "normal"]
[Board "9"]
[WhiteElo "1992"]
[BlackElo "1826"]
[PlyCount "47"]
[WhiteFideId "12949841"]
[BlackFideId "12938092"]
[EventCountry "GER"]
[EventRounds "9"]
[EventType "swiss"]
[EventDate "2016.05.14"]

1. d4 Nf6 2. c4 g6 3. Nc3 d5 4. cxd5 Nxd5 5. e4 Nxc3 6. bxc3 Bg7 7. Bc4 c5 8.
Be3 Nc6 9. Ne2 Qa5 10. O-O O-O 11. Qb3 a6 12. dxc5 Ne5 13. Bd4 Nxc4 14. Qxc4
Be6 15. Qb4 Qc7 16. Rfb1 Rab8 17. f3 Bd7 18. Qb6 Rfc8 19. Rb4 e5 20. Be3 Bf8
21. Rd1 Be6 22. Kf1 Bxc5 23. Bxc5 Qxc5 24. Rd8+ 1-0